Construction cost management (Record no. 109041)
[ view plain ]
| 000 -LEADER | |
|---|---|
| fixed length control field | 01671cam a22002535a 4500 |
| 001 - CONTROL NUMBER | |
| control field | L146089 |
| 008 - FIXED-LENGTH DATA ELEMENTS--GENERAL INFORMATION | |
| fixed length control field | 081208s2008 xxk f 001 0 eng d |
| 020 ## - INTERNATIONAL STANDARD BOOK NUMBER | |
| International Standard Book Number | 9780203933015 |
| 035 ## - SYSTEM CONTROL NUMBER | |
| System control number | (Sirsi) u146089 |
| 041 0# - LANGUAGE CODE | |
| Language code of text/sound track or separate title | eng |
| 100 1# - MAIN ENTRY--PERSONAL NAME | |
| Personal name | Potts, Keith |
| 245 00 - TITLE STATEMENT | |
| Title | Construction cost management |
| Remainder of title | learning from case studies |
| Medium | [electronic resource] |
| 300 ## - PHYSICAL DESCRIPTION | |
| Extent | eBook |
| 505 2# - FORMATTED CONTENTS NOTE | |
| Formatted contents note | Part 1: introduction -- Part 2: Management of the pre-contract stage -- Part 3: Key tools and techniques -- Part 4: Procurement strategies -- Part 5: Management of the post-contract stage -- Part 6: Contracts and case study |
| 520 ## - SUMMARY, ETC. | |
| Summary, etc. | Aimed at students in Surveying and Construction Management, this book examines in detail key issues and best practice in construction cost management, at all levels of a construction project, from the time of pre-contract to the post-contract period. Includes the recent changes in the role of the construction cost manager. Discusses cost management in building and civil engineering sectors in the UK and abroad. Provides case studies and seminar questions. Contains short analyses on the NEC3 engineering and construction contract and on the new Fédération Internationale des Ingénieurs-Conseils standard form of international construction contract. Presents major projects such as the Scottish Parliament Building, Wembley Stadium and Heathrow Terminal 5. |
| 521 ## - TARGET AUDIENCE NOTE | |
| Target audience note | Advanced |
| 590 ## - LOCAL NOTE (RLIN) | |
| Local note | KA |
| 650 24 - SUBJECT ADDED ENTRY--TOPICAL TERM | |
| Topical term or geographic name entry element | EBOOK |
| 651 #4 - SUBJECT ADDED ENTRY--GEOGRAPHIC NAME | |
| Geographic name | United Kingdom |
| Chronological subdivision | |
| 690 ## - LOCAL SUBJECT ADDED ENTRY--TOPICAL TERM (OCLC, RLIN) | |
| Topical term or geographic name as entry element | BUILT ENVIRONMENT-BUILDING COSTS |
| 856 48 - ELECTRONIC LOCATION AND ACCESS | |
| Uniform Resource Identifier | <a href="https://www.vlebooks.com/">https://www.vlebooks.com/</a> |
| Public note | View on VLEbooks. Logins for members only from [email protected] |
| 942 ## - ADDED ENTRY ELEMENTS (KOHA) | |
| Suppress in OPAC | 0 |
| Withdrawn status | Lost status | Damaged status | Not for loan | Home library | Current library | Shelving location | Date acquired | Total Checkouts | Full call number | Barcode | Date last seen | Date last checked out | Copy number | Price effective from | Koha item type | Source of classification or shelving scheme | Cost, normal purchase price | Cost, replacement price |
|---|---|---|---|---|---|---|---|---|---|---|---|---|---|---|---|---|---|---|
| Missing from bundle | London | London | Books | 08/12/2008 | 8 | 692.5 POT | 30076409 | 06/08/2019 | 09/12/2009 | 1 | 06/08/2019 | Book | ||||||
| Virtual | Virtual | Online | 05/02/2010 | EBOOK | 146089-2001 | 06/08/2019 | 1 | 06/08/2019 | Online material | Dewey Decimal Classification | 75.00 | 75.00 |